000 00532nam a2200157Ia 4500
008 210716s2005 xx 000 0 und d
020 _a9780789026057
041 _aeng
082 _a338.064 MARK
100 _aMarshall, Kimball P; Piper, William S; Wymer, Walter W.
245 _aGovernment policy and program impacts on technology development transfer and commercialization: international perspectives.
_bInternational perspectives.
250 _a1
260 _aNew York
_c2005
300 _a335
650 _aEntrepreneurship
999 _c200819
_d200819